Die Spruchaktentätigkeit der Juristischen Fakultät Rostock
| Titel: | Die Spruchaktentätigkeit der Juristischen Fakultät Rostock : zwischen Sommersemester 1657 und Wintersemester 1677/78 / Alexander Eifrig |
|---|---|
| Verfasser: | |
| Veröffentlicht: | Aachen : Shaker, 2006 |
| Umfang: | XII, 227 Seiten : Diagramme ; 21 cm, 375 gr. + 1 CD-ROM |
| Format: | Buch |
| Sprache: | Deutsch |
| Schriftenreihe/ mehrbändiges Werk: |
Rostocker rechtsgeschichtliche Reihe ; Bd. 6 |
| Hochschulschrift: | Dissertation, Universität Rostock, 2005 |
| RVK-Notation: | |
| ISBN: | 3832249664 |
| Hinweise zum Inhalt: |
Inhaltsverzeichnis
|
alg: 17937478 001A $06000:06-07-06 001B $01999:03-11-25 $t10:10:55.000 001D $06000:06-07-06 001U $0utf8 001X $00 002@ $0Aaxaf 002C $aText $btxt $2rdacontent 002D $aohne Hilfsmittel zu benutzen $bn $2rdamedia 002E $aBand $bnc $2rdacarrier 003@ $0179374788 003O $0164112444 $aOCoLC 004A $03-8322-4966-4 $fkart. : EUR 49.80 (DE), EUR 49.80 (AT), sfr 99.60 004K $09783832249663 006G $0979187540 006T $006,N17,0245 006U $006,A29,0371 $f20060331 007A $0979187540 $aDNB 007G $0DE020BF3B8FB653B9B0EDC12578720033E658 007T $0Herdhh179374788 009P $qapplication/pdf $A2 $3Inhaltsverzeichnis $uhttps://scans.hebis.de/HEBCGI/show.pl?17937478_toc.pdf $mV:DE-603;B:DE-Mb50 010@ $ager 011@ $a2006 $n2006 013D $RWissenschaftliche Literatur $#Dissertations, Academic $#Thèses et écrits académiques $74113937-9 $8Hochschulschrift [Ts1] $9085338818 017A $asf 021A $aDie @Spruchaktentätigkeit der Juristischen Fakultät Rostock $dzwischen Sommersemester 1657 und Wintersemester 1677/78 $hAlexander Eifrig 028A $BVerfasser $4aut $7 $8Eifrig, Alexander [Tnd] $9177799013 033A $pAachen $nShaker 034D $aXII, 227 Seiten 034I $a21 cm, 375 gr. 034K $a1 CD-ROM 034M $aDiagramme 036E $aRostocker rechtsgeschichtliche Reihe $lBd. 6 036F $x16 $8Rostocker rechtsgeschichtliche Reihe $9186292937 $lBd. 6 037C $dDissertation $eUniversität Rostock $f2005 044K $qDNB $RUniversität Rostock $RUniversität Rostock $RUniversität Rostock $#Juristische Fakultät Rostock $#Universität Rostock, Juristische Facultät $#JuF $7510045-8 $8Universität Rostock$bJuristische Fakultät [Tb1] $9041495837 044K $qDNB $RVerfahrensrecht $#Aktenversand $#Aktenübersendung $#Aktenübermittlung $74141724-0 $8Aktenversendung [Ts1] $9085549398 044K $qDNB $RProzess $RGerichtsbarkeit $RRechtspflege $RGerichtsentscheidung $#Law Cases $#Jurisprudence $#Rechtsprechung $#Rechtsprechung $#Rechtsprechung $#Judikatur $#Spruchpraxis $74115710-2 $8Rechtsprechung [Ts1] $9085350869 045E $c340 045F $a370.94317 $eDDC23BSB 045F/01 $a370.9 045F/03 $g4317 045G $a340.09 $eDDC23BSB 045G/01 $a340.09 045G/03 $f0903 045G/03 $f09041 045G/03 $g4317 045R $aGeschichte 1657-1678 045Z $8PC 5520 [Tkv] $9410982695 lok: 17937478 24 101B $007-04-11 $t08:54:44.000 101C $007-04-11 101U $0utf8 145Z/01 $a10 8 R 1 145Z/02 $a10 15 B 145Z/03 $a10 12 F 145Z/04 $a10 12 M exp: 17937478 24 1 #EPN 201B/01 $007-04-11 $t08:54:44.000 201C/01 $018-02-11 201U/01 $0utf8 203@/01 $0606238565 208@/01 $a07-04-11 $bz 209A/01 $a11.01671 $du $f050 $h11 01671 $x00 209C/01 $a11.01671 K $h11 01671 K 209G/01 $a72799399 $x00 220C/01 $ahan/hae 247C/01 $8358050-7Marburg, Bibliothek des Herder-Instituts Marburg $9102600961 lok: 17937478 78 exp: 17937478 78 1 #EPN 201B/01 $019-04-17 $t20:14:01.000 201U/01 $0utf8 203@/01 $0793636973 208@/01 $a12-11-16 $be 209A/01 $a/ $f000 $x00 237A/01 $aweiterführende Signatur(en): : 11.01671 244Z/01 $aGeschichte 1657-1678 $x01 244Z/01 $aAktenversendung $x02 244Z/01 $aRechtsprechung $x03 244Z/01 $2Trx $8--Trx--Monographie $x04 $9391384546 245Z/01 $a11.05 $x01 247C/01 $82080>Marburg/Lahn, Herder-Institut, Forschungsbibliothek, Bibliographieportal $9336309341
| LEADER | 00000cam a22000002c 4500 | ||
|---|---|---|---|
| 001 | 179374788 | ||
| 003 | DE-603 | ||
| 005 | 20251103101055.0 | ||
| 007 | tu | ||
| 008 | 060706s2006 xx |||| m u00||u|ger | ||
| 015 | |a 06,A29,0371 |z 06,N17,0245 |2 dnb | ||
| 016 | 7 | |2 DE-101 |a 979187540 | |
| 020 | |a 3832249664 |c kart. : EUR 49.80 (DE), EUR 49.80 (AT), sfr 99.60 | ||
| 024 | 3 | |a 9783832249663 | |
| 035 | |a (DE-599)DNB979187540 | ||
| 035 | |a (OCoLC)164112444 | ||
| 040 | |a DE-603 |b ger |c DE-603 |d DE-603 | ||
| 041 | |a ger | ||
| 082 | 0 | 4 | |8 1\u |a 370.94317 |q DE-101 |2 23/BSB |
| 083 | 0 | |8 2\u |a 340.09 |q DE-101 |2 23/BSB | |
| 084 | |a 340 |q DE-101 |2 sdnb | ||
| 084 | |a PC 5520 |0 (DE-625)135096: |0 (DE-603)410982695 |2 rvk | ||
| 085 | |8 1\u |b 370.9 | ||
| 085 | |8 1\u |z 2 |s 4317 | ||
| 085 | |8 2\u |b 340.09 | ||
| 085 | |8 2\u |z 1 |s 0903 | ||
| 085 | |8 2\u |z 1 |s 09041 | ||
| 085 | |8 2\u |z 2 |s 4317 | ||
| 090 | |a b | ||
| 100 | 1 | |a Eifrig, Alexander |e Verfasser |4 aut |0 (DE-603)177799013 | |
| 245 | 0 | 0 | |a Die Spruchaktentätigkeit der Juristischen Fakultät Rostock |b zwischen Sommersemester 1657 und Wintersemester 1677/78 |c Alexander Eifrig |
| 264 | 1 | |a Aachen |b Shaker |c 2006 | |
| 300 | |a XII, 227 Seiten |b Diagramme |c 21 cm, 375 gr. |e 1 CD-ROM | ||
| 336 | |a Text |b txt |2 rdacontent | ||
| 337 | |a ohne Hilfsmittel zu benutzen |b n |2 rdamedia | ||
| 338 | |a Band |b nc |2 rdacarrier | ||
| 490 | 1 | |a Rostocker rechtsgeschichtliche Reihe |v Bd. 6 | |
| 502 | |b Dissertation |c Universität Rostock |d 2005 | ||
| 610 | 1 | 7 | |a Universität Rostock |b Juristische Fakultät |2 gnd |0 (DE-588)510045-8 |0 (DE-603)041495837 |
| 648 | 7 | |a Geschichte 1657-1678 |2 gnd | |
| 650 | 7 | |a Aktenversendung |0 (DE-588)4141724-0 |0 (DE-603)085549398 |2 gnd | |
| 650 | 7 | |a Rechtsprechung |0 (DE-588)4115710-2 |0 (DE-603)085350869 |2 gnd | |
| 655 | 7 | |a Hochschulschrift |2 gnd-content |0 (DE-588)4113937-9 |0 (DE-603)085338818 | |
| 830 | 0 | |t Rostocker rechtsgeschichtliche Reihe |v Bd. 6 |w (DE-603)186292937 |w (DE-600)2126906-3 |9 16 |7 as | |
| 856 | 4 | 2 | |m V:DE-603;B:DE-Mb50 |q application/pdf |u https://scans.hebis.de/HEBCGI/show.pl?17937478_toc.pdf |3 Inhaltsverzeichnis |
| 924 | 0 | |9 Mb 50 |a (DE-603)606238565 |b DE-Mb50 |c HES |d c |g 11.01671 | |
| 924 | 0 | |9 2080 |a (DE-603)793636973 |b DE-2080 |c HES |d d |g / | |


